Manažerská ekonomika /

Hlavní autor: Buchta, Miroslav, 1941-
Korporativní autor: Univerzita Pardubice. Ekonomicko-správní fakulta
Jazyk: Čeština
Vydáno: Pardubice : Univerzita Pardubice, 2005
Vydání: Vyd. 3. (přeprac. a dopl.)
Témata:
Externí odkaz: Digitalizovaný dokument
Fyzický popis: 191 s. : il. ; 30 cm
Knihy
Uloženo v:
LEADER 01771nam a2200421 a 4500
001 000771126
003 CZ BrMZK
005 20091006093409.0
007 ta
008 050419s2005 xr a erp 000 0 cze d
015 |a cnb001532084 
020 |a 80-7194-726-1  |q (brož.) :  |c Kč 216,00 
035 |a (OCoLC)85142949 
040 |a BOA001  |b cze 
072 7 |a 658  |x Řízení a správa podniku  |2 Konspekt  |9 4 
072 7 |a 37.016  |x Učební osnovy. Vyučovací předměty. Učebnice  |2 Konspekt  |9 22 
080 |a 658  |2 MRF 
080 |a (075.8)  |2 MRF 
100 1 |a Buchta, Miroslav,  |d 1941-  |7 jn20001005131  |4 aut 
245 1 0 |a Manažerská ekonomika /  |c Miroslav Buchta 
250 |a Vyd. 3. (přeprac. a dopl.) 
260 |a Pardubice :  |b Univerzita Pardubice,  |c 2005 
300 |a 191 s. :  |b il. ;  |c 30 cm 
500 |a Nad názvem: Univerzita Pardubice. Fakulta ekonomicko-správní 
500 |a 200 výt. 
504 |a Obsahuje bibliografii 
521 8 |a Určeno pro posluchače Fakulty ekonomicko-správní 
500 |a Dostupné též v digitální podobě v aplikaci Kramerius 
650 0 7 |a podniková ekonomika  |7 ph115762  |2 czenas 
650 0 7 |a podnikový management  |7 ph115763  |2 czenas 
655 7 |a učebnice vysokých škol  |7 fd133772  |2 czenas 
710 2 |a Univerzita Pardubice.  |b Ekonomicko-správní fakulta  |7 kn20010709381 
856 4 1 |u http://www.digitalniknihovna.cz/mzk/uuid/uuid:9787e570-8955-11e6-88c5-005056827e52  |y Digitalizovaný dokument  |x NDK 
910 |a BOA001  |b 3-1151.122 
990 |a BK 
991 |b 200506  |c NOV 
996 6 |b 2610248413  |c 3-1151.122  |l MZK  |r Sklad / do 1 hodiny  |n 0  |p p.v.  |w 000771126  |u 000010  |a 1  |e BOA001  |j MZK50  |s P 
996 7 |b 2610279904  |c 3-1151.122  |l MZK  |r Sklad / do 1 hodiny  |n 38  |p p.v. dotisk 2006  |w 000771126  |u 000020  |a 1  |e BOA001  |j MZK50  |s A